[Event "IRI-ch (Women)"]
[Site "Rasht"]
[Date "2019.11.11"]
[Round "4"]
[White "Jalali, Parima"]
[Black "Alavi, Homa"]
[Result "1/2-1/2"]
[WhiteElo "1886"]
[BlackElo "2017"]
[PlyCount "44"]
[EventDate "2019.11.09"]
[EventType "tourn"]
[EventRounds "11"]
[EventCountry "IRI"]
[SourceTitle "CBM 193 Extra"]
[Source "ChessBase"]
[SourceDate "2020.01.31"]
[SourceVersion "1"]
[SourceVersionDate "2020.01.31"]
[SourceQuality "1"]

1. e4 c5 2. Nf3 Nc6 3. d4 cxd4 4. Nxd4 g6 5. Nc3 Bg7 6. Be3 Nf6 7. Bc4 0-0 8. Bb3 Re8 9. 0-0 d6 10. h3 Nxd4 11. Bxd4 Bd7 12. Qd3 Bc6 13. Rad1 Qa5 14. f4 Rad8 15. f5 Rf8 16. fxg6 hxg6 17. Bxf6 exf6 18. Qg3 Qg5 19. Qf2 Qc5 20. Nd5 Kh8 21. Kh1 Qxf2 22. Rxf2 Bxd5 1/2-1/2